Remote sensing and image interpretation / (Record no. 550971)

000 -LEADER
fixed length control field 00646cam a22002054a 4500
020 ## - INTERNATIONAL STANDARD BOOK NUMBER
International Standard Book Number 0471152277
020 ## - INTERNATIONAL STANDARD BOOK NUMBER
International Standard Book Number 0471451525
082 04 - DEWEY DECIMAL CLASSIFICATION NUMBER
Classification number 621.3678
Author Mark LIL
100 1# - MAIN ENTRY--PERSONAL NAME
Personal name Lillesand, Thomas M.
9 (RLIN) 3473
245 10 - TITLE STATEMENT
Title Remote sensing and image interpretation /
Statement of responsibility, etc. Thomas M. Lillesand, Ralph W. Kiefer, Jonathan W. Chipman.
250 ## - EDITION STATEMENT
Edition statement 5th ed.
260 ## - PUBLICATION, DISTRIBUTION, ETC.
Place of publication, distribution, etc. New York :
Name of publisher, distributor, etc. Wiley,
Date of publication, distribution, etc. c2004.
300 ## - PHYSICAL DESCRIPTION
Extent xiv, 763 p. :
Other physical details ill., maps (some col.) ;
Dimensions 25 cm.
526 ## - STUDY PROGRAM INFORMATION NOTE
Program name 0
Interest level 0
Reading level 0
Title point value 621_367800000000000_LIL
650 #0 - SUBJECT ADDED ENTRY--TOPICAL TERM
Topical term or geographic name entry element MCE
9 (RLIN) 379
650 #0 - SUBJECT ADDED ENTRY--TOPICAL TERM
Topical term or geographic name entry element Remote sensing.
700 1# - ADDED ENTRY--PERSONAL NAME
Personal name Chipman, Jonathan W.
9 (RLIN) 36262
700 1# - ADDED ENTRY--PERSONAL NAME
Personal name Kiefer, Ralph W.
9 (RLIN) 3486
942 ## - ADDED ENTRY ELEMENTS (KOHA)
Source of classification or shelving scheme
Koha item type Book
Holdings
Withdrawn status Lost status Source of classification or shelving scheme Damaged status Not for loan Permanent Location Current Location Date acquired Total Checkouts Full call number Barcode Date last seen Price effective from Koha item type
          Military College of Engineering (MCE) Military College of Engineering (MCE) 11/28/2014   621.3678 LIL MCE-38036 12/01/2015 11/28/2014 Book
© 2023 Central Library, National University of Sciences and Technology. All Rights Reserved.